00495 2200169 4500245004800000020002200048250001100070100001600081650001600097005001900113260003500132041001400167084000800181300002200189500010500211336000900316 aThe Architecture of LovecIka NatassahText a978-602-03-2926-0 aCet. 8 aIka Natassa aNovel Fiksi a20231005111111 aJakartabGraedia Pustakac2018 aIndonesia a813 a304 hlm. :c20 cm aNew york mungkin berada di urutan daftar kota yang paling banyak dijadikan setting cerita atau film. atext